Comprehensive Textbook of Community Health Nursing Including Environmental Science and Epidemiology for BSc Nursing Students (Record no. 355779)
[ view plain ]
| 000 -LEADER | |
|---|---|
| fixed length control field | 00537nam a22001577a 4500 |
| 005 - DATE AND TIME OF LATEST TRANSACTION | |
| control field | 20240826170835.0 |
| 008 - FIXED-LENGTH DATA ELEMENTS--GENERAL INFORMATION | |
| fixed length control field | 230811b |||||||| |||| 00| 0 eng d |
| 020 ## - INTERNATIONAL STANDARD BOOK NUMBER | |
| International Standard Book Number | 978-93-90619-37-5 |
| 082 ## - DEWEY DECIMAL CLASSIFICATION NUMBER | |
| Classification number | CH/610.7343/MAN/DB1130 |
| 100 ## - MAIN ENTRY--PERSONAL NAME | |
| Author | Manivannan Shyamala D. |
| 245 ## - TITLE STATEMENT | |
| Title | Comprehensive Textbook of Community Health Nursing Including Environmental Science and Epidemiology for BSc Nursing Students |
| 260 ## - PUBLICATION, DISTRIBUTION, ETC. | |
| Name of publisher, distributor, etc. | CBS Publishers & Distributors Pvt. Ltd. |
| Place of publication, distribution, etc. | New Delhi |
| Date of publication, distribution, etc. | 2023 |
| 300 ## - PHYSICAL DESCRIPTION | |
| Extent | 905p |
| 365 ## - TRADE PRICE | |
| Price amount | 1295.00 |
| 942 ## - ADDED ENTRY ELEMENTS (KOHA) | |
| Koha item type | Donated Book |
| Withdrawn status | Lost status | Source of classification or shelving scheme | Damaged status | Not for loan | Home library | Current library | Date acquired | Net Price | Bill number | Total Checkouts | Total Renewals | Full call number | Barcode | Date last seen | Date last checked out | Bill Date | Koha item type | Original Barcode | Vendor | Actual Price |
|---|---|---|---|---|---|---|---|---|---|---|---|---|---|---|---|---|---|---|---|---|
| Dewey Decimal Classification | Sitabai Nargundkar College of Nursing Nagpur | Sitabai Nargundkar College of Nursing Nagpur | 29/09/2025 | 1084.00 | IK#2025-26#00511 | 16 | 1 | 610.7343/MAN | SNCN-DB-281 | 14/05/2026 | 12/05/2026 | 26/06/2025 | Donated Book | Donated By Karishma Dhok | 1084.00 | |||||
| Dewey Decimal Classification | Smt. Bakul Tambat Institute of Nursing Education | Smt. Bakul Tambat Institute of Nursing Education | 11/08/2023 | 1295.00 | 65 | 11 | 13 | CH 610.7343 MAN DB1130 | BTIN-DB-1130 | 17/01/2026 | 09/12/2025 | 11/08/2023 | Donated Book | DB1130 | ||||||
| Dewey Decimal Classification | Smt. Bakul Tambat Institute of Nursing Education | Smt. Bakul Tambat Institute of Nursing Education | 08/08/2024 | 1295.00 | IK#2024-25#129 | 12 | 14 | CH 610.7343 MAN DB1304 | BTIN-DB-1304 | 29/01/2026 | 27/01/2026 | 08/08/2024 | Donated Book | DB1304 |